| 000 | 01529 a2200205 4500 | ||
|---|---|---|---|
| 003 | Nust | ||
| 005 | 20220817141206.0 | ||
| 010 | _a 74034058 | ||
| 020 | _a0471771090 | ||
| 040 | _cNust | ||
| 082 | 0 | 0 | _a005.133,SEE |
| 100 | 1 |
_aSeeds, Harice L. _997826 |
|
| 245 | 1 | 0 |
_aFORTRAN IV for business and general applications / _cHarice L. Seeds. |
| 260 |
_aNew York : _bWiley, _c[1975] |
||
| 300 |
_aviii, 422 p. : _bill. ; _c26 cm. |
||
| 505 | _aIntroduction to Programming (Page-1), Programming Preliminaries (Page-15), Comment, READ, WRITE and FORMAT Statement (Page-27), GOTO Statement END = Option READ Statement (Page-51), Literals in FORMAT Statements (Page-61), Arithmetic Statements (Page-77), Alphabetic Fields and The Open Hollerith Format (Page-95), Arithmetic IF Statements (Page-115), Logical IF Statement (Page-143),DO and CONTINUE Statements (Page-155), DIMESION Statement and Arrays (Page-171), Implied DO Loops (Page-195), Subtotals and Control Breaks (Page-211), The Computed GOTO Statements (Page-235), DATA Specifications Statements (Page-267), EQYIVALENCE Statements (Page-283), Subprograms; Introductions(Page-297), Subprograms; Statement Functions (Page-301),Subprograms; Functions (Page-311), Subprograms; Subroutines (Page-333),Subprograms; COMMON and BLOCK DATA Statements (Page-345), ASSIGN and Assigned GOTO Statements (Page-371), The Debug Packet (Page-401). | ||
| 650 | 0 |
_aBusiness _xData processing. _93217 |
|
| 650 | 0 |
_aFORTRAN IV (Computer program language) _936702 |
|
| 942 |
_2ddc _cBK _k005.133,SEE |
||
| 999 |
_c180339 _d180339 |
||